| 000 | 01038cam a2200277 4500 | ||
|---|---|---|---|
| 001 | J634 | ||
| 008 | 090401t1992 xxu||||| |||| 00| 0 eng d | ||
| 035 | _a(Sirsi) u75919 | ||
| 041 | _aeng | ||
| 050 |
_a331.481333 _c18 |
||
| 100 | _aMartin, Kristen | ||
| 245 | 4 |
_aThe future for women in surveying _bthe report of a research study |
|
| 260 |
_aKingston upon Thames _bKingston Polytechnic _c1992 |
||
| 300 | _a47p. ; 30cm. | ||
| 350 | _a7.5 | ||
| 490 |
_aKingston Polytechnic Faculty of Design School of Surveying Occasional Paper _v1 |
||
| 520 | _aA study of careers opportunities and employment requirements for women in the surveying profession, based on a questionnaire sent to random sample of female RICS members. | ||
| 650 | _aWOMEN IN SURVEYING | ||
| 650 | _aWOMEN SURVEYORS | ||
| 690 | _aMANAGEMENT-BUSINESS MANAGEMENT-PROFESSIONAL PRACTICE | ||
| 700 | _aMehrtens, Ian | ||
| 700 | _aSayce, Sarah | ||
| 710 |
_aKingston Polytechnic Faculty of Design School of Surveying _92569 |
||
| 942 | _n0 | ||
| 948 | _c04/03/1997 | ||
| 999 |
_c96091 _d96091 |
||